<?xml version="1.0" encoding="UTF-8"?>
<record
    xmlns:xsi="http://www.w3.org/2001/XMLSchema-instance"
    xsi:schemaLocation="http://www.loc.gov/MARC21/slim http://www.loc.gov/standards/marcxml/schema/MARC21slim.xsd"
    xmlns="http://www.loc.gov/MARC21/slim">

  <leader>00854nam a2200145Ia 4500</leader>
  <controlfield tag="008">120629s9999    xx            000 0 und d</controlfield>
  <datafield tag="020" ind1=" " ind2=" ">
    <subfield code="a">968-7529-02-4</subfield>
  </datafield>
  <datafield tag="082" ind1=" " ind2=" ">
    <subfield code="a">500C569c</subfield>
  </datafield>
  <datafield tag="245" ind1=" " ind2=" ">
    <subfield code="a">Ciencia ambiental y desarrollo sostenible / Ernesto C. Enkerlin Hoeflich, Ger&#xF3;nimo Cano Cano, Ra&#xFA;l Antonio Garza Cuevas, Enrique Vogel Mart&#xED;nez, Adriana Nelly Correa Sandoval</subfield>
  </datafield>
  <datafield tag="260" ind1=" " ind2=" ">
    <subfield code="a">M&#xE9;xico : International Thomson Editores</subfield>
  </datafield>
  <datafield tag="300" ind1=" " ind2=" ">
    <subfield code="a">666 p</subfield>
  </datafield>
  <datafield tag="500" ind1=" " ind2=" ">
    <subfield code="a">Bibliograf&#xED;a, ep&#xED;logo y glosario</subfield>
  </datafield>
  <datafield tag="650" ind1=" " ind2=" ">
    <subfield code="a">1. CIENCIA AMBIENTAL 2. CIANCIAS NATURALES 3.DESARROLLO SUSTENTABLE- ASPECTOS AMBIENTALES 3.MEDIO AMBIENTE PROTECCION AL. 4. POLITICA AMBIENTAL</subfield>
  </datafield>
  <datafield tag="700" ind1=" " ind2=" ">
    <subfield code="a">Enkerlin Hoeflich, Ernesto C. ; coaut. \  Cano Cano, Ger&#xF3;nimo ; coaut. \  Garza Cuevas, Ra&#xFA;l Antonio ; coaut.  \ Vogel Mart&#xED;nez, Enrique ; coaut. \ Correa Sandoval Adriana Nelly ; trad.&#xCC;</subfield>
  </datafield>
  <datafield tag="952" ind1=" " ind2=" ">
    <subfield code="0">0</subfield>
    <subfield code="1">0</subfield>
    <subfield code="4">0</subfield>
    <subfield code="7">0</subfield>
    <subfield code="a">15</subfield>
    <subfield code="b">15</subfield>
    <subfield code="d">2007-05-03</subfield>
    <subfield code="l">0</subfield>
    <subfield code="o">500C569C</subfield>
    <subfield code="p">15 001957</subfield>
    <subfield code="r">2017-12-07</subfield>
    <subfield code="t">1</subfield>
    <subfield code="w">2012-06-28</subfield>
    <subfield code="y">LB</subfield>
  </datafield>
  <datafield tag="999" ind1=" " ind2=" ">
    <subfield code="c">75802</subfield>
    <subfield code="d">75802</subfield>
  </datafield>
</record>
